Leticia Bonaparte / (Record no. 148100)

MARC details
000 -LEADER
campo de control de longitud fija 00606nam a2200193 i 4500
001 - NÚMERO DE CONTROL
campo de control 148100
003 - IDENTIFICADOR DE NÚMERO DE CONTROL
campo de control ES-MaACL
005 - FECHA Y HORA DE LA ÚLTIMA TRANSACCIÓN
campo de control 20250927162920.0
007 - CAMPO FIJO DE DESCRIPCIÓN FÍSICA--INFORMACIÓN GENERAL
campo de control de longitud fija t|
008 - DATOS DE LONGITUD FIJA--INFORMACIÓN GENERAL
campo de control de longitud fija 070214s1963 sp r ||||1| spa d
100 1# - ENTRADA PRINCIPAL--NOMBRE DE PERSONA
Nombre de persona Stirling, Mónica.
9 (RLIN) 108235
245 10 - MENCIÓN DEL TÍTULO
Título Leticia Bonaparte /
Mención de responsabilidad, etc. Mónica Stirling ; versión castellana de Esteban Riambau.
260 ## - PUBLICACIÓN, DISTRIBUCIÓN, ETC.
Lugar de publicación, distribución, etc. Barcelona :
Nombre del editor, distribuidor, etc. Vergara,
Fecha de publicación, distribución, etc. [1963] (
Fabricante Gasa)
300 ## - DESCRIPCIÓN FÍSICA
Extensión 336 p., 8 lám. ;
Dimensiones 22 cm.
600 14 - PUNTO DE ACCESO ADICIONAL DE MATERIA--NOMBRE DE PERSONA
Nombre de persona Bonaparte, Letizia.
9 (RLIN) 155776
700 1# - ENTRADA AGREGADA--NOMBRE PERSONAL
Nombre de persona Riambau, Esteve,
Fechas asociadas al nombre 1925-1994
9 (RLIN) 156353
852 ## - LOCALIZACIÓN
Ubicación ES-MaACL
Número de control de estantería C-23972
Sublocalización o colección R.52788
Holdings
Estatus retirado Estado de pérdida Estado de daño No para préstamo Biblioteca de origen Biblioteca actual Ubicación en estantería Fecha de adquisición Fuente de adquisición Total de préstamos Signatura topográfica completa Código de barras Visto por última vez Precio de reemplazo Tipo de ítem Koha
        Biblioteca del Ateneo de Madrid Biblioteca del Ateneo de Madrid Depósito 2 17/01/2008     C-23972 1154557 23/02/2023 23/02/2023 Libro impreso